Red Wine or Not? Quiz Stats

 Plays Quiz Updated Dec 11, 2018

Support Sporcle.
Go Orange.
Score 0/12 Timer 04:00
9 Plays Today
% Correct
Merlot
94.9%
Pinot Noir
90.1%
Cabernet Sauvignon
89.1%
Malbec
86.5%
Shiraz
85.8%
Cabernet Franc
82%
Brunello
75.8%
Barolo
75.3%
Grenache
71.6%
Barbera
69.5%
Gamay
63.4%
Dolcetto
59.9%

From the Vault

Sightseeing in North America

by jonesjeffum

Someday, Sporcle will have an office in each of these cities.
Remove Ads.
Support Sporcle.
Get the best of Sporcle when you Go Orange. This ad-free experience offers more features, more stats, and more fun while also helping to support Sporcle. Thank you for becoming a member.

Show Comments

Extras

Top Quizzes Today


Score Distribution

Your Account Isn't Verified!

In order to create a playlist on Sporcle, you need to verify the email address you used during registration. Go to your Sporcle Settings to finish the process.

Report this User

Report this user for behavior that violates our Community Guidelines.

Details: